00903 2200301 4500001002100000005001500021035002000036007000300056008004100059020002200100082001500122084001700137100004500154245007900199250003400278300003000312650002200342264003200364336002100396337003000417338002300447040002200470090002200492850001200514504003100526999002200557990002200579INLIS00000000089069220240919093650 a0010-0924000342ta240919s2024 yoi g ind d a978-623-02-8958-304223a616.31 a616.31 MAN d0 aManuel Dwiyanto Hardjo LugitoePengarang10aDasar anamnesis dalam ilmu penyakit mulut /cManuel Dwiyanto Hardjo Lugito aCetakan pertama: Agustus 2024 aviii, 52 halaman ;c23 cm 4aMulut--xpenyakit31aSleman :bDeepublish,c2024 2rdacontentateks 2rdamediaatanpa perantara 2rdacarrieravolume aYOPDYOGbinderda aCB-D.11 2024-3146 aYOPDYOG aBibliografi: halaman 51-52 aCB-D.11/2024-3146 aCB-D.11/2024-3146